Normal view
MARC view
Entry Personal Name
001 - CONTROL NUMBER
- control field: 32607
003 - CONTROL NUMBER IDENTIFIER
- control field: ARRUPE
005 - DATE AND TIME OF LATEST TRANSACTION
- control field: 20170614110804.0
008 - FIXED-LENGTH DATA ELEMENTS
- fixed length control field: 170614|| aca||aabn | a|a d
040 ## - CATALOGING SOURCE
- Original cataloging agency: ARRUPE
- Transcribing agency: ARRUPE
100 ## - HEADING--PERSONAL NAME
- Personal name: Russell, Lillian M. Rigby
- Titles and other words associated with a name: Mrs.,
- Dates associated with a name: 1875-
- Relator term: tr.
670 ## - SOURCE DATA FOUND
- Source citation: Work cat.: (ARRUPE)1482: Schweitzer, Albert, 1875-1965. 32605, From my African notebook,, [1938]